| 000 | 00728nam a2200217Ii 4500 | ||
|---|---|---|---|
| 003 | JO-AjNU | ||
| 008 | 230605s9999||||xx |||||||||||||| ||und|| | ||
| 017 | _a84/8/372 | ||
| 040 |
_aJO-AjNU _bara _erda _cJO-AjNU |
||
| 041 | _aara | ||
| 050 | 1 | 4 | _aLB1140.2.A237 1994 |
| 100 | 3 |
_aعدس، محمد عبد الرحيم مؤلف/مصلح،عدنان عارف م.مشارك, _eauthor _942507 |
|
| 245 | 0 | 0 | _aرياض الأطفال |
| 250 | _aط5 | ||
| 264 | 3 | 1 | _aعمان:دار الفكر،1994 |
| 300 | _a243ص | ||
| 336 |
_atext _btxt _2rdacontent |
||
| 337 |
_aunmediated _bn _2rdamedia |
||
| 338 |
_avolume _bnc _2rdacarrier |
||
| 650 | 4 |
_a رياض أطفال-أطفال-تعليم-التعليم الاساسي _942508 |
|
| 999 |
_aA18206 _c21774 _d21774 |
||